00934 2200313 4500001002100000005001500021035002000036007000300056040001700059245009900076250001200175300003700187020002200224041000800246082001200254090001900266264004300285336002100328337003000349338002300379650001700402700004100419700004000460850001000500008004100510100003100551990001900582990001900601INLIS00000000000440020260527123418 a0010-0122000032ta aSBPUPADbInd1 aGaul Sukses Ala Facebook /cSyaeful Rachman;pengarang ke -2 E.Kosasih;editor, Muhammad Bambang a.-cet.1 avii,194 hlm :billus. ;c21x15cm a978-602-8797-33-30 aind a004.678 a004 PRI t L1-3 a.--Bandung :bCipta Dea Pustaka,c2009 2rdacontentaTeks 2rdamediaaTanpa Perantara 2rdacarrieraVolume 4amedia sosial0 apengarang ke -2 E.KosasihePengarang0 aeditor, Muhammad BambangePengarang aPUPAD260527 0 0 aSyaeful RachmanePengarang a154/s/KAPD/Pdg a153/s/KAPD/Pdg